000 01883nam0a2200409 4500
001 RU\NLR\bibl\384001
005 20260405103415.0
010 _a5-8249-0076-0
_95000
021 _aRU
_b2003-5136
_9238
035 _a(NLR Aleph) 000378390
090 _a439932
_c439932
100 _a20030317d2003 |||y0rusy50 ca
101 0 _arus
102 _aRU
105 _aac |||||||||
200 1 _aВирусные, хламидийные и микоплазменные заболевания гениталий
_eРук. для врачей
_fВ.И. Козлов, А.Ф. Пухнер
205 _a6-е изд., обновл. и доп.
210 _aМ.
_cТриада-Х
_d2003
215 _a438, [1] с.
_cил.
_d24
320 _aБиблиогр.: с. 395-412
606 0 _aПоловые органы
_jРуководства, пособия и т.п.
_xВирусные болезни
_91294996
_3RU\NLR\auth\66218150
606 0 _aХламидиозы половых органов
_jРуководства, пособия и т.п.
_91895567
_3RU\NLR\auth\661152651
606 0 _aМикоплазмоз половых органов
_jРуководства, пособия и т.п.
_92217252
_3RU\NLR\auth\661331605
610 0 _aМочеполовая система - Болезни инфекционные
675 _a616.6-022.6
_v3
_zrus
686 _a76.29
_2rugasnti
686 _a56.7
_2rubbk
686 _aР715.016я77
686 _aР696.601.6я77
700 1 _4070
_8rus
_7ca
_aКозлова
_bВ. И.
_cд-р мед. наук
_gВера Ивановна
_3RU\NLR\auth\7739052
_922036
701 1 _4070
_8rus
_7ca
_aПухнер
_bА. Ф.
_gАлександр Федорович
_3RU\NLR\auth\7739054
_922038
801 0 _aRU
_bRKP
_c20030317
_gPSBO
801 1 _aRU
_bRKP
_c20030317
801 2 _aRU
_bNLR
_c20130304
_grcr
942 _cBOOK
980 _aNB